| 000 | 01272nam a22002777a 4500 | ||
|---|---|---|---|
| 999 |
_c63395 _d63395 |
||
| 005 | 20240530110638.0 | ||
| 008 | 171004s2016 ua ak g b 000 0 ara d | ||
| 017 |
_a2015/10641 _bمصر. دار الكتب |
||
| 020 | _a9789777531993 | ||
| 040 |
_aEG-CaGPL _cEG-CaGPL |
||
| 082 | 0 | 4 |
_221 _a338.927/ _bو د |
| 100 | 0 | _aوليد بن التركى | |
| 245 | 1 | 0 |
_aدور نقل التكنولوجيا فى تحسين القدرة التنافسية : _bدراسة حالة مؤسسة صناعة الكوابل بسكرة / _cوليد بن التركى |
| 250 | _aط. 1 | ||
| 260 |
_aالاسكندرية : _bمكتبة الوفاء القانونية ، _c2016. |
||
| 300 |
_a263 ص. : _bايض ؛ _c24 سم + _eملاحق. |
||
| 504 | _aيشتمل على ارجاعات ببليوجرافية | ||
| 650 | 0 | 7 |
_2qrmak _aالتنمية الاقتصادية |
| 650 | 0 | 7 |
_2qrmak _aالاحوال الاقتصادية |
| 650 | 0 | 7 |
_2qrmak _aالتكنولوجيا _xالجوانب الاجتماعية |
| 650 | 0 | 7 |
_2qrmak _aالتكنولوجيا _xالجوانب الاقتصادية |
| 650 | 0 | 7 |
_2qrmak _aالتكنولوجيا والدولة |
| 650 | 0 | 7 |
_2qrmak _aالتكنولوجيا والحضارة |
| 942 |
_2ddc _cBK |
||